000 00408nam a2200145Ia 4500
041 _aKurdish
082 _a923,2 cut-695 م
100 _a20260118u\\\\\\\\\\\y0engy0103\\\\ba
100 _aعەزیز محەمەد
245 0 _aلە دیدى سیاسى و نووسەران
250 _aچ1
260 _bچاپخانە بینایى
_aسلیمانى - العراق
_c2015
300 _a210
942 _cBk
999 _c189167
_d189167